| 000 | 00450nam a22001697a 4500 | ||
|---|---|---|---|
| 003 | NUST-PNEC | ||
| 005 | 20170116180743.0 | ||
| 008 | 150112b xxu||||| |||| 00| 0 eng d | ||
| 040 | _cPNEC | ||
| 082 | _a199.5491 SID | ||
| 100 |
_91193 _aSiddiqui, Muhammad Ali |
||
| 245 |
_aTalash-e-Iqbal N (Urdu) _cDr. Muhammad Ali Siddiqui |
||
| 260 |
_aKarachi : _bJamia Karachi, _cc2002. |
||
| 300 |
_a209 p. : _c22 cm. |
||
| 650 | _xGeneral | ||
| 942 |
_2ddc _cBK |
||
| 999 |
_c62278 _d62278 |
||